Statistics for Game of Thrones - Who Killed Who?

Click here to take the quiz!

General Stats

  • This quiz has been taken 70 times
  • The average score is 40 of 52

Answer Stats

Season x EpisodeDeceasedKiller% Correct
1x6Viserys TargaryenKhal Drogo
96%
4x10Tywin LannisterTyrion Lannister
93%
7x7Petyr BaelishArya Stark
91%
1x9Eddard StarkIlyn Payne
91%
8x6Daenerys TargaryenJon Snow
91%
4x10ShaeTyrion Lannister
91%
8x3Night KingArya Stark
89%
2x5Renly BaratheonMelisandre
89%
6x9Ramsay BoltonSansa Stark
89%
6x10Walder FreyArya Stark
87%
3x9Catelyn StarkBlack Walder Frey
87%
6x10High SparrowCersei Lannister
87%
6x10Loras TyrellCersei Lannister
87%
6x10Margaery TyrellCersei Lannister
87%
4x8Oberyn MartellGregor Clegane
87%
8x5Euron GreyjoyJaime Lannister
87%
4x7Lysa ArrynPetyr Baelish
87%
6x9Rickon StarkRamsay Bolton
87%
1x7Robert BaratheonBoar
85%
8x4MissandeiGregor Clegane
85%
4x2Joffrey BaratheonOlenna Tyrell
85%
6x2Roose BoltonRamsay Bolton
85%
8x5VarysDaenerys Targaryen
84%
6x2Balon GreyjoyEuron Greyjoy
84%
7x3Olenna TyrellJaime Lannister
82%
5x9Shireen BaratheonMelisandre
82%
5x10Stannis BaratheonBrienne of Tarth
80%
5x10Myrcella BaratheonEllaria Sand
80%
5x1Mance RayderJon Snow
80%
6x3Alliser ThorneJon Snow
78%
6x4OshaRamsay Bolton
78%
8x3Theon GreyjoyNight King
76%
3x9Robb StarkRoose Bolton
76%
6x10Tommen BaratheonTommen Baratheon
76%
8x3MelisandreMelisandre
75%
2x6Rodrik CasselTheon Greyjoy
75%
5x10Meryn TrantArya Stark
73%
5x10Jon SnowNight's Watch brothers
73%
3x6RosJoffrey Baratheon
71%
4x9YgritteOlly
71%
2x10DoreahDaenerys Targaryen
67%
6x8The WaifArya Stark
65%
1x10Khal DrogoDaenerys Targaryen
64%
3x9Talisa StarkLothar Frey
64%
5x10MyrandaTheon Greyjoy
60%
6x5HodorWight Walker
60%
7x6Benjen StarkWight Walker
58%
8x3Jorah MormontWight Walker
55%
3x4Jeor MormontRast
51%
2x10Maester LuwinOsha
49%
4x10Jojen ReedMeera Reed
45%
5x4Barristan SelmySon of the Harpy
45%

Score Distribution

Percentile by Number Answered

Percent of People with Each Score

Your Score History

You have not taken this quiz